Rios de Portugal A-Z - Statistics

Estatísticas Gerais
  • Esse quiz foi jogado 257 vezes
    254 desde o último reset
  • A pontuação média é 8 de 23
Estatísticas das Respostas
Pergunta Rio % Correto
T Passa por baixo da ponte Salazar (nome antigo),(Albarracin,1950m,1007km) Tejo
92%
D Os barcos Rabelos navegam nele (serra Urbião,Espanha,2080m,850km) Douro
91%
G Foz em Vila Real de Santo António (Castela-Mancha.Espanha,1700m, 829km) Guadiana
80%
S Corre de sul para norte desagua em Setúbal (serra da Vigia,230m,180km) Sado
67%
Z Nasce na serra da Estrela (1900m), prolonga-se por 240km Zêzere
57%
V Serra da Lapa (930m/140km) deasagua na ria de Aveiro Vouga
53%
L Nasce no monte Talarino, Espanha, (907m,135km) tem a sua foz em Viana do Castelo Lima
51%
H Nasce na serra do Gerês (48km) desagua no Cávado, o seu nome: antónimo de mulher Homem
42%
J Passa pelo Estádio Nacional este tem o nome do rio Jamor
40%
E Nasce perto de Braga (45km) desagua no rio Ave 4 km acima de Vila de Conde. Um dos pontos cardeais. Este
26%
M Nasce na serra dos Candeeiros (70km), não há nenhum rio Menor :) Maior
24%
N Passa na cidade de Tomar, nasce em Ansião Nabão
24%
P Nasce na serra Leomil (112km) afluente do Douro em Castelo de Paiva Paiva
23%
A Nasce em Espanha (serra da Gata,130km) desagua no Douro junto Barca d'Alva. O rio Vouga tem um afluente com mesmo nome. Águeda
20%
O O noo aeroporto era para ser lá, (serra de Montejunto, desagua no Tejo em Vila Nova de Rainha) Ota
19%
Q Principio de queijo, o fim rima com Vinhais Queijais
18%
C O Festival Vilar de Mouros realiza-se nas suas margens (50km,foz. em Caminha) Coura
16%
F Passa na Capital dos Móveis (Freamunde,43km,rio Sousa) Ferreira
16%
B Nascente na serra do Barroso em Montalegre (45km) desagua no Tâmega perto da Ribeira de Pena Bessa
5%
I Nasce em Mansores (Arouca) desagua no rio Antuã (Oliveira de Azeméis) Ínsua
4%
U Nasce no lugar Duas Igrejas desagua em Crestuma no rio Douro Uíma
3%
X Maior afluente do Sado (70km), nascente a noroeste de Évora Xarrama
3%
R Nasce na Galiza entra em Portugal em Vinhais serve de fronteira entre os distritos Vila Real e Bragança Rabaçal
2%
Nenhum quiz correspondente encontrado
Distribuição das Pontuações
Porcentagem de Pessoas com Cada Pontuação
Percentil de Números Respondidos
Sua Pontuação Histórica
Você não jogou esse quiz desde o último reset